[Event "Almeria Suqui U1600 op"]
[Site "Almeria"]
[Date "2015.07.26"]
[Round "9.2"]
[White "Llena Velarde, David"]
[Black "Sicilia Laino, Juan Diego"]
[Result "0-1"]
[WhiteElo "1274"]
[BlackElo "1383"]
[PlyCount "114"]
[EventDate "2015.07.24"]
[EventType "tourn"]
[EventRounds "9"]
[EventCountry "ESP"]
[SourceTitle "EXT 2024"]
[Source "ChessBase"]
[SourceDate "2023.10.10"]
[SourceVersion "1"]
[SourceVersionDate "2023.10.10"]
[SourceQuality "1"]

1. e4 Nf6 2. e5 Nd5 3. c4 Nb6 4. d4 d6 5. f4 dxe5 6. fxe5 e6 7. Be3 Qh4+ 8. Bf2 Qe4+ 9. Qe2 Bb4+ 10. Nc3 Bxc3+ 11. bxc3 Qxe2+ 12. Bxe2 Nc6 13. Nf3 Bd7 14. a4 Na5 15. d5 Nbxc4 16. dxe6 fxe6 17. 0-0 0-0 18. Nd4 Nb6 19. Bg4 Rae8 20. Nb5 Bxb5 21. axb5 Nbc4 22. Rfd1 Nxe5 23. Rxa5 Nxg4 24. Bd4 Rd8 25. Re1 e5 26. Bxe5 Nxe5 27. b6 Nc4 28. bxc7 Nxa5 29. cxd8Q Rxd8 30. Ra1 Nc6 31. Rb1 b6 32. Re1 Kf7 33. Rf1+ Ke6 34. Re1+ Kd5 35. Re3 Kc4 36. Rf3 Rd1+ 37. Kf2 Rd2+ 38. Kg3 Rd3 39. Kf4 Rxf3+ 40. gxf3 a5 41. Kg3 a4 42. f4 a3 43. h4 a2 44. h5 a1Q 45. h6 Qxc3+ 46. Kg4 Qf6 47. f5 gxh6 48. Kf4 Qe5+ 49. Kg4 h5+ 50. Kg5 h6+ 51. Kg6 Ne7+ 52. Kxh6 Nxf5+ 53. Kg5 Nh4+ 54. Kh6 Kd5 55. Kh7 Ke6 56. Kh6 Kf7 57. Kh7 Qg7# 0-1

[Event "Almeria Suqui U1600 op"]
[Site "Almeria"]
[Date "2015.07.26"]
[Round "8.4"]
[White "Valenzuela Fernandez, Alejandro"]
[Black "Llena Velarde, David"]
[Result "1/2-1/2"]
[WhiteElo "1391"]
[BlackElo "1274"]
[PlyCount "47"]
[EventDate "2015.07.24"]
[EventType "tourn"]
[EventRounds "9"]
[EventCountry "ESP"]
[SourceTitle "EXT 2024"]
[Source "ChessBase"]
[SourceDate "2023.10.10"]
[SourceVersion "1"]
[SourceVersionDate "2023.10.10"]
[SourceQuality "1"]

1. Nf3 Nf6 2. g3 g6 3. Bg2 Bg7 4. 0-0 d6 5. d3 0-0 6. e4 Nbd7 7. c4 c5 8. Nc3 b6 9. e5 dxe5 10. Nxe5 Nxe5 11. Bxa8 Bf5 12. Be4 Bg4 13. f3 Bh3 14. Re1 Nxe4 15. Rxe4 Nxd3 16. Nd5 e6 17. Nf4 Bd4+ 18. Be3 Bxe3+ 19. Rxe3 Nxf4 20. Qxd8 Rxd8 21. gxf4 Rd2 22. b3 Rg2+ 23. Kh1 Rd2 24. Kg1 1/2-1/2

[Event "Almeria Suqui U1600 op"]
[Site "Almeria"]
[Date "2015.07.25"]
[Round "3.5"]
[White "Llena Velarde, David"]
[Black "Banu, Luis Theodor"]
[Result "1-0"]
[WhiteElo "1274"]
[BlackElo "1163"]
[PlyCount "53"]
[EventDate "2015.07.24"]
[EventType "tourn"]
[EventRounds "9"]
[EventCountry "ESP"]
[SourceTitle "EXT 2024"]
[Source "ChessBase"]
[SourceDate "2023.10.10"]
[SourceVersion "1"]
[SourceVersionDate "2023.10.10"]
[SourceQuality "1"]

1. e4 e5 2. Nf3 Nc6 3. Bc4 Nf6 4. d3 Bb4+ 5. c3 Bc5 6. b4 Be7 7. Qb3 0-0 8. Be3 Ng4 9. 0-0 Bh4 10. h3 Nxe3 11. fxe3 Bg3 12. Nh2 d5 13. Bxd5 Ne7 14. Bxf7+ Rxf7 15. Qxf7+ Kh8 16. Qf8+ Qxf8 17. Rxf8+ Ng8 18. Nd2 Be6 19. Rxa8 Bd7 20. Rf1 Be6 21. Rff8 Be1 22. Nhf3 Bg3 23. Nf1 Bf4 24. exf4 exf4 25. Ng5 Bxa2 26. Rxg8+ Bxg8 27. Nf7# 1-0

[Event "Andalucia-ch U10"]
[Site "Huelva"]
[Date "2014.04.27"]
[Round "8.8"]
[White "Llena Velarde, David"]
[Black "Rojas Moreno, Javier"]
[Result "1-0"]
[WhiteElo "1166"]
[BlackElo "1070"]
[PlyCount "67"]
[EventDate "2014.04.25"]
[EventType "swiss"]
[EventRounds "9"]
[EventCountry "ESP"]
[SourceTitle "EXT 2024"]
[Source "ChessBase"]
[SourceDate "2023.10.10"]
[SourceVersion "1"]
[SourceVersionDate "2023.10.10"]
[SourceQuality "1"]

1. e4 e5 2. Nf3 Nc6 3. Bc4 Bc5 4. Nc3 d6 5. d3 Bg4 6. Bg5 Nf6 7. 0-0 0-0 8. Nd5 Nd4 9. c3 Nxf3+ 10. gxf3 Bh3 11. Re1 h6 12. Nxf6+ gxf6 13. Bxh6 Re8 14. Kh1 Kh8 15. Bxf7 Re7 16. d4 Rxf7 17. dxc5 Qg8 18. Rg1 Qh7 19. Qb3 d5 20. exd5 Qxh6 21. d6 Rg7 22. Rxg7 Qxg7 23. Rg1 Qh7 24. Qd5 Rg8 25. Rxg8+ Qxg8 26. Qxg8+ Kxg8 27. dxc7 Kf8 28. b4 Ke8 29. b5 Bc8 30. a4 a5 31. b6 Kd7 32. h4 Kc6 33. h5 Kxc5 34. h6 1-0

[Event "Andalucia-ch U10"]
[Site "Huelva"]
[Date "2014.04.25"]
[Round "4.6"]
[White "Llena Velarde, David"]
[Black "Infantes Gonzalez, David"]
[Result "0-1"]
[WhiteElo "1166"]
[BlackElo "1373"]
[PlyCount "50"]
[EventDate "2014.04.25"]
[EventType "swiss"]
[EventRounds "9"]
[EventCountry "ESP"]
[SourceTitle "EXT 2024"]
[Source "ChessBase"]
[SourceDate "2023.10.10"]
[SourceVersion "1"]
[SourceVersionDate "2023.10.10"]
[SourceQuality "1"]

1. e4 e5 2. Nf3 f5 3. exf5 e4 4. Qe2 d5 5. d3 Bxf5 6. dxe4 Bxe4 7. Qb5+ Nd7 8. Qxb7 Ngf6 9. Bb5 Bxc2 10. Bxd7+ Nxd7 11. Qxd5 Nf6 12. Qe5+ Kf7 13. 0-0 Bd6 14. Qc3 Bf5 15. Nd4 Be5 16. Qc4+ Kg6 17. Nxf5 Kxf5 18. f4 Bd4+ 19. Kh1 Qd7 20. Qd3+ Ke6 21. f5+ Ke7 22. Re1+ Kd8 23. Rd1 c5 24. Be3 Bxe3 25. Qxd7+ Nxd7 0-1

[Event "Andalucia-ch U10"]
[Site "Huelva"]
[Date "2014.04.25"]
[Round "3.1"]
[White "Manzano Leon, Alvaro"]
[Black "Llena Velarde, David"]
[Result "1/2-1/2"]
[WhiteElo "1517"]
[BlackElo "1166"]
[PlyCount "44"]
[EventDate "2014.04.25"]
[EventType "swiss"]
[EventRounds "9"]
[EventCountry "ESP"]
[SourceTitle "EXT 2024"]
[Source "ChessBase"]
[SourceDate "2023.10.10"]
[SourceVersion "1"]
[SourceVersionDate "2023.10.10"]
[SourceQuality "1"]

1. e4 e5 2. Nf3 Nc6 3. Bc4 Bc5 4. c3 h6 5. d4 exd4 6. cxd4 Be7 7. Nc3 d6 8. 0-0 Nf6 9. Re1 Bg4 10. Be2 0-0 11. h3 Bh5 12. Be3 Bg6 13. Bd3 Nb4 14. a3 Nxd3 15. Qxd3 d5 16. Nd2 c6 17. Bf4 Re8 18. Qe3 dxe4 19. Ndxe4 Nd5 20. Nxd5 cxd5 21. Nc3 Bf6 22. Qd2 Qb6 1/2-1/2